| 000 | 01086nam a22003137a 4500 | ||
|---|---|---|---|
| 001 | 0011415 | ||
| 003 | DO-SdBNP | ||
| 005 | 20231102130926.0 | ||
| 007 | 0011415 | ||
| 008 | 160921b 2009 ag 00| 0 spa d | ||
| 020 | _a9789507716379 | ||
| 040 |
_aBPMSU _bspa _cBPMSU |
||
| 082 | 4 |
_aR581.634 _bI91p 2009 _222 |
|
| 100 | 1 | _aItzik, Alejandro Marcelo | |
| 245 | 1 | 0 |
_aRemedios milenarios : _blas plantas que curan / _credacción Alejandro Marcelo Itzik ; ilustraciones especiales Ana Favazza, Pablo Olivera. |
| 246 | 1 | 4 |
_aLas plantas curativas : _bsanan desde siempre ; hierbas, plantas, semillas, raíces, alimentos. |
| 260 |
_aBuenos Aires, Argentina : _bCultural Librera Americana, _c2009 |
||
| 300 |
_a360 p. : _bil., ; _c28 cm. |
||
| 590 | _aInventariadoj, 2023/VM | ||
| 650 | 4 | _aPlantas medicinales | |
| 650 | 4 | _aBotánica médica | |
| 650 | 4 | _aMatéria médica vegetal | |
| 650 | 4 |
_aPlantas medicinales _vDiccionarios. |
|
| 700 | 1 |
_aFavazza, Ana _eil. |
|
| 700 | 1 |
_aOlivera, Pablo, _eil. |
|
| 710 | 2 | _aLexus | |
| 910 | _aVMateo V./Control de calidad MFF | ||
| 942 |
_2ddc _cBK |
||
| 999 |
_c11473 _d11473 |
||